Malaysian folk tales : a study of archetypal patterns in selected tales /
Saved in:
| Main Author: | |
|---|---|
| Format: | Thesis Book |
| Language: | English |
| Published: |
2008.
|
| Subjects: | |
| Tags: |
Add Tag
No Tags, Be the first to tag this record!
|
| LEADER | 01043cam a2200277 a 4500 | ||
|---|---|---|---|
| 001 | u759613 | ||
| 003 | SIRSI | ||
| 005 | 200704161433 | ||
| 008 | 070416s2008 my t 000 0 eng m | ||
| 040 | |a UMM | ||
| 043 | |a a-my--- | ||
| 090 | |a PR13 |b UM 2008 Jya | ||
| 100 | 0 | |a J. Yasodhara Menon. | |
| 245 | 1 | 0 | |a Malaysian folk tales : |b a study of archetypal patterns in selected tales / |c J. Yasodhara Menon. |
| 260 | |c 2008. | ||
| 300 | |a viii, 166 leaves ; |c 30 cm. | ||
| 502 | |a Dissertation (M.A. (Engl.Lit.)) -- Jabatan Inggeris, Fakulti Sastera dan Sains Sosial, Universiti Malaya, 2008. | ||
| 504 | |a Bibliography: leaves 162-166. | ||
| 650 | 0 | |a Tales |z Malaysia |x Psychological aspects. | |
| 650 | 0 | |a Folk literature |z Malaysia |x Psychological aspects. | |
| 650 | 0 | |a Archetypes in literature. | |
| 650 | 0 | |a Archetype (Psychology) | |
| 710 | 2 | |a Universiti Malaya. |b Jabatan Inggeris. | |
| 900 | |a NAR-ZA | ||
| 596 | |a 1 | ||
| 999 | |a PR13 UM 2008 JYA |w LC |c 1 |i A513375703 |d 17/10/2019 |e 24/8/2019 |f 23/3/2010 |g 1 |l STACKS |m P01UTAMA |n 5 |r Y |s Y |t TESIS |u 23/3/2010 | ||
